Tafsīr mā baʻda al-ṭabīʻah / Tafsīr Ma ba'd aṭ-ṭabī'at = Grand commentaire de la Métaphysique / par Averroës.
المؤلف الرئيسي:
مؤلفون آخرون: ,
التنسيق: كتاب
اللغة: Arabic
منشور في:
Bayrūt, Lubnān :
Dār al-Mashriq,
1948-67.
سلاسل:
Bibliotheca Arabica scholasticorum., Série arabe. ;
tome V 1,2, VI, VII.
الموضوعات:
الوسوم: إضافة وسم
رقم الطلب: B434 .A941 v.1-3
| LEADER | 01923nam a2200397Ii 4500 | ||
|---|---|---|---|
| 003 | OSt | ||
| 005 | 20240228132518.0 | ||
| 008 | 160922m19481967le b 001 0 ara | ||
| 999 | |c 57134 |d 57134 | ||
| 035 | |a (OCoLC)958930901 | ||
| 040 | |c ARCE Library | ||
| 050 | 4 | |a B434 .A941 v.1-3 | |
| 100 | 0 | |6 880-01 |a Averroës, |d 1126-1198. | |
| 245 | 1 | 0 | |6 880-02 |a Tafsīr mā baʻda al-ṭabīʻah / |c li-Abī al-Walīd Muḥammad bin Aḥmad bin Muḥammad ibn Rushd = |b Tafsīr Ma ba'd aṭ-ṭabī'at = Grand commentaire de la Métaphysique / par Averroës. |
| 246 | 1 | 1 | |a Grand commentaire de la Métaphysique. |
| 246 | 1 | 1 | |a Tafsīr Ma ba'd aṭ-ṭabī'at. |
| 264 | 1 | |6 880-03 |a Bayrūt, Lubnān : |b Dār al-Mashriq, |c 1948-67. | |
| 264 | 3 | |6 880-04 |a Bayrūt, Lubnān : |b al-Maṭbaʻah al-Kāthūlīkīyah. | |
| 300 | |a 3 volumes ; |c 25 cm. | ||
| 336 | |2 rdacontent |a text |b txt | ||
| 337 | |2 rdamedia |a unmediated |b n | ||
| 338 | |2 rdacarrier |a volume |b n | ||
| 490 | 0 | |a Bibliotheca Arabica scholasticorum., Série arabe. ; |v tome V 1,2, VI, VII. | |
| 500 | |a Description based on: Volume 1 part 2. | ||
| 500 | |a Volume 1, part 1 abridged copy in French by Maurice Bouyges. | ||
| 500 | |a A commentary on Aristotle's Metaphysics. | ||
| 504 | |a Includes bibliographical references and index. | ||
| 505 | 0 | |a [vol. non numéroté] Notice. 1952. v. 1. Livres petit alif, grand alif ba' gim. 2. éd. 1967. v. 2. Livres dal, he zay, hha', tta' 2. éd. 1967. v. 3. Livres ya' et lam, et index alphabétiques des 3 volumes. 1948. | |
| 546 | |a Title page and Introduction in French. | ||
| 600 | 0 | 0 | |a Aristotle. |t Metaphysics. |
| 700 | 1 | |a Bouyges, Maurice, |e editor | |
| 700 | 0 | |a Aristotle. |t Metaphysics | |
| 880 | 0 | |6 100-01/(3/r |a إبن رشد, |d 1126-1198. | |
| 880 | 1 | 0 | |6 245-02/(3/r |a تفسير ما بعد الطبيعة |c لابي الوليد محمد بن احمد بن محمد بن رشد. |
| 901 | |a reviewed | ||
| 942 | |2 lcc |c BK | ||
